000 00670nam a2200253Ia 4500
005 20250425162210.0
008 250425s9999 xx 000 0 und d
020 _a0805075186
041 _aeng
082 _a338.04
100 _aKLEIN, MAURY
245 0 _aTHE CHANGE MAKERS FROM CARNEGIE TO GATES, HOW THE GREAT ENTREPRENEURS TRANSFORMED IDEAS INTO INDUSTRIES
250 _a1ST ED.
260 _aEstados Unidos
_bAN OWL BOOK
_c2003
260 _aNEW YORK
300 _a318
650 _aBILL GATES
650 _aEMPRENDEDORES
650 _aESTADOS UNIDOS
650 _aNEGOCIOS
710 _aHENRY HOLT AND COMPANY
942 _c01
010 _a55631
999 _c224368
_d224368